| 000 | 01162nam2a22002411 4500 | ||
|---|---|---|---|
| 001 | RU\NLR\A1SV\154774 | ||
| 005 | 20251214193131.0 | ||
| 035 | _a(NLR Aleph) 012283639 | ||
| 090 |
_a13494074 _c13494074 |
||
| 100 | _a20200629d1922 u y0rusy50 ca | ||
| 101 | 0 | _arus | |
| 200 | 1 | _aО. Материалы военно-морского снаряжения | |
| 210 |
_c25 Гос. тип. _d1922 |
||
| 215 | _a52 с. | ||
| 461 | 1 |
_1001RU\NLR\A1SV\150523 _12000#$aУниверсальная материально-техническая номенклатура$fПод ред. П.Н.Амосова$gПетрогр. совет народ. хоз-ва$vВып.9 _912241988 _cПетроград _d1921-1922 _fПод ред. П.Н.Амосова _nГос. изд-во _tУниверсальная материально-техническая номенклатура _vВып.9 |
|
| 517 | 1 | _aМатериалы военно-морского снаряжения | |
| 517 | 9 | _aМатериалы военно-морского снаряжения | |
| 801 | 0 |
_aRU _bNLR _c20200629 |
|
| 852 |
_aNLR _j69-7/3727(9) |
||
| 942 | _cBOOK | ||
| 980 | _aA1SV | ||
| 980 | _aNB | ||